Normal view MARC view

Entry Personal Name

Number of records used in: 1

001 - CONTROL NUMBER

  • control field: 13809

003 - CONTROL NUMBER IDENTIFIER

  • control field: OSt

005 - DATE AND TIME OF LATEST TRANSACTION

  • control field: 20200309162015.0

008 - FIXED-LENGTH DATA ELEMENTS

  • fixed length control field: 200309|| aca||aabn | a|a d

040 ## - CATALOGING SOURCE

  • Original cataloging agency: OSt
  • Transcribing agency: OSt

100 ## - HEADING--PERSONAL NAME

  • Personal name: Edited by David, I. Graham; James, A.R. Nicoll; Ian, Bone

670 ## - SOURCE DATA FOUND

  • Source citation: Work cat.: (OSt): Edited by David, I. Graham; James, A.R. Nicoll; Ian, Bone, Adams & Graham's Introduction to Neuropathology, 2006